[Event "Høstturneringen 2015"]
[Site "Ås, Akershus NOR"]
[Date "2015.10.08"]
[Round "5"]
[White "Alnes, Tord"]
[Black "Lea, Per"]
[Result "0-1"]
[WhiteElo "1059"]
[BlackElo "1564"]
[Annotator "Lea,Per"]
[PlyCount "82"]
[EventDate "2015.09.03"]

1. d4 d5 2. c4 e5 3. e3 {Greit nok hvis hvit ikker er interessert i å prøve å
få fordel.} (3. dxe5 d4 4. Nf3 Nc6 {er standardfortsettelsen, hvor svart
prøver å få tilbake bonden med godt spill, hvis han da ikke spiller på å få en
eller annen kompensasjon for bonden}) 3... exd4 4. exd4 Nf6 5. Bg5 Be7 6. Nc3
Be6 $2 (6... c6 7. Nf3 O-O {og den svarte stillingen er å foretrekke}) 7. Bxf6
(7. Qb3 {er et ekkelt alternativt som jeg etter at jeg hadde gjort trekket
mitt fryktet hvit ville prøve Men det er mulig} Nc6 {er mer enn godt nok}) 7...
Bxf6 8. c5 {Et feil valg i denne og liknende stillinger!} O-O ({Men svart
finner ikke den beste fortsettelsen:} 8... b6 9. cxb6 axb6 10. Bd3 O-O) 9. Nf3
Re8 10. Be2 Nc6 11. h3 Ne7 12. b4 Ng6 13. Qd2 c6 14. O-O Qc7 15. Ng5 $2 {Svart
er bare glad for å få byttet ut løperen pa e6; den står klossete der og kunne
like gjerne vært en bonde ("storbonde")} Nf4 (15... Qf4 {er enda bedre} 16.
Qxf4 Nxf4 17. Nf3 Bxh3 18. gxh3 Nxe2+ 19. Nxe2 Rxe2 20. Rfe1 Re4 21. Rad1 Rae8
22. Ne5 Rxe1+ 23. Rxe1 Bxe5 24. dxe5 Kf8 {med bra stilling for svart (selv om
hovedregelen lyder: "tårnsluttspill er remis!")}) 16. Nxe6 Nxe6 {d-bonden lar
seg ikke gardere} 17. b5 Nxd4 18. Rab1 Nxe2+ ({Enda bedre er} 18... Qa5 {og
hvis f.eks.} 19. a4 {sa} Qxc3 20. Qxc3 Nxe2+ 21. Kh2 Nxc3 {med vinststilling
for svart}) (18... Qe7 {er også bedre enn teksttrekket}) 19. Nxe2 Qe7 {Nå
ryker det enda en bonde} 20. Nf4 Qxc5 {Hvit sliter med 2 bønder under, og
mindre enn 9 minutter fram til tidskontrollen.} 21. bxc6 bxc6 22. Rfc1 Qd6 23.
Nh5 Rab8 ({Etter} 23... Be5 24. f4 {fant jeg ikke} Qh6 25. Qd1 Bc7 26. Rb7 Bb6+
27. Kh2 Qe6 28. Qf3 g6 29. f5 (29. Ng3 Qc8 30. Rxb6 axb6) 29... Qd6+ 30. Qg3
Qxg3+ 31. Nxg3 c5 32. fxg6 fxg6 33. Rc2 {og svart bør vinne greit}) 24. Nxf6+
Qxf6 25. Rxb8 Rxb8 26. Qa5 d4 27. Qxa7 Re8 28. Qd7 Qd8 $4 {Gir fra seg hele
fordelen} (28... Kf8 {bør vinne}) 29. Qxc6 d3 30. Rd1 d2 $4 {Nå er det
plutselig hvit som står til vinst!} 31. Qc3 $2 ({Med i overkant av 4 minutter
til de 10 neste trekkene overser begge} 31. Rxd2 $1 Qb8 32. Rd1 {og hvit
ligger plutselig en bonde over!}) 31... Re2 32. Kf1 (32. f3 Qb6+ 33. Kh1 Qb8
34. Kg1 Qa7+ 35. Kh1 Qd7 36. a4 g6 37. Qa5 Qd4 {og svart skal vinne}) 32... Qe8
33. g3 $4 {Igjen gjensidig tidsnød} h6 $4 ({- og begge overser det enkle} 33...
Re1+ 34. Rxe1 Qxe1+ 35. Kg2 g6 36. Qc8+ Kg7 37. Qc3+ Kh6 {og hvit slipper opp
for sjakker} 38. Qb4 d1=Q 39. Qf8+ Kh5 40. g4+ Kg5 41. f4+ Kxf4 42. Qxf7+ Kg5
43. h4+ Kxh4 44. Qxh7+ Kg5 {og igjen går hvit tom for sjakker}) 34. Rxd2 Re1+
35. Kg2 Qe4+ {Nå er det hvit som igjen har en muligens vinnende fordel} 36. Qf3
$4 {som taper direkte, og som begge nok en gang overser!} Qe7 (36... Rg1+ 37.
Kxg1 Qxf3) 37. a4 Ra1 38. Rd4 g6 39. Qe3 Qb7+ 40. Re4 $4 {Her overså hvit at
det var sjakk og spilte ulovlig tårnet til d2. Og siden det var mulig a dekke
sjakken med å flytte tårnet, hadde han ikke noe valg.} Rxa4 41. Kf3 f5 {Tårnet
faller, og hvit ga opp.} 0-1

[Event "Høstturneringen 2015"]
[Site "Ås, Akershus NOR"]
[Date "2015.10.08"]
[Round "5"]
[White "Furnes, Torstein"]
[Black "Naasen, Nils"]
[Result "1-0"]
[WhiteElo "1629"]
[BlackElo "1314"]
[Annotator "Furnes, Torstein"]
[PlyCount "53"]
[EventDate "2015.09.03"]

1. d4 Nf6 2. c4 g6 3. Nc3 d5 4. cxd5 Nxd5 5. e4 Nxc3 6. bxc3 Bg7 7. Nf3 c5 8.
Bb5+ Bd7 9. Bxd7+ Qxd7 10. O-O cxd4 11. cxd4 O-O 12. Be3 Nc6 13. Rb1 b6 14. d5
Na5 15. Bd4 f6 {Etter dette trekket blir kanskje den svarte løperen litt
passiv. Hvit ønsker nå å plassere en springer på e6.} 16. Bc3 Nb7 17. Nd4 Rfc8
18. Bb4 Bf8 19. Ne6 $6 {Det hadde nok vært bedre å la springeren stå på d4 og
ha muligheten åpen for å gå til både c6 og e6. Etter 19.Se6?! Sd8 må jo hvit
bytte av eller flytte den tilbake.} Nd8 20. Nxf8 Kxf8 21. Qd4 ({Fritz ønsker
heller å spille} 21. e5 $1 {med muligheter for farlig kongeangrep. F.eks:} fxe5
22. f4 exf4 23. Qd4 Nf7 24. Rbe1 Re8 25. Rxf4 Kg8 26. Rxf7 $1 Kxf7 27. Bc3 Rg8
28. d6 $1 Qxd6 29. Qc4+ e6 30. Bb4 Qd7 31. Qf4+ Ke8 32. Qf6 $18) 21... Nf7 $2
22. Qxf6 Rc4 23. Qh4 g5 $2 $18 (23... h6) 24. Qxh7 Qa4 25. Rb3 $1 {Legger en
felle.} ({Mulig var også følgende Fritz-variant:} 25. f4 $1 g4 (25... Rxb4 26.
fxg5 Ke8 27. Qxf7+ Kd8 28. d6 Rxe4 (28... exd6 29. Qf8+ Qe8 30. Qxd6+ Kc8 31.
Rfc1+ Kb7 32. Rc7+ Ka6 33. Qxb4) 29. dxe7+ Rxe7 30. Qd5+ Qd7 31. Qxa8+ Qc8 32.
Rf8+ Re8 33. Rxe8+ Kxe8 34. Qxc8+) 26. e5 $1 Rxb4 27. e6 Nh6 28. Qxh6+ Kg8 29.
Qg6+ Kh8 30. Rbe1 {med trusselen Te5 og Th5}) 25... Rxb4 ({Etter} 25... g4 {
kan hvit fortsette angrepet med} 26. e5 $1 Rxb4 (26... Nxe5 27. Bxe7+ Ke8 28.
Bf6 Nf7 29. Re1+ Kd7 30. Qf5+ Kd6 31. Re6+ Kc7 32. Re7+ Kb8 33. Be5+ Nxe5 34.
Qxe5+ Kc8 35. Qh8+) 27. e6 Nh6 (27... Rf4 28. exf7 Rxf7 29. Qh8#) 28. Qxh6+ Kg8
29. Qg6+ Kh8 30. Re3 {med trusselen Te5 og Th5}) 26. Rf3 Qe8 ({Hvit får
mattangrep etter} 26... Ke8 27. Qxf7+ Kd8 28. d6) 27. Qh8# 1-0

[Event "Høstturneringen 2015"]
[Site "Ås, Akershus NOR"]
[Date "2015.10.08"]
[Round "5"]
[White "Moholt, Knut Erik"]
[Black "Brenden, Torbjørn"]
[Result "0-1"]
[WhiteElo "1413"]
[BlackElo "1414"]
[PlyCount "76"]
[EventDate "2015.09.03"]

1. e4 c5 2. Bc4 Nc6 3. Nc3 e6 4. Nf3 d6 5. O-O Nf6 6. Re1 Be7 7. e5 dxe5 8.
Nxe5 Nxe5 9. Rxe5 O-O 10. Ne4 Qd4 11. Nxf6+ Bxf6 12. Re3 Qxc4 13. d3 Qd5 14. c4
Qd8 15. Qh5 e5 16. Rg3 g6 17. Qf3 Bh4 18. Bh6 Bxg3 19. fxg3 f6 20. Rf1 Rf7 21.
h4 Bf5 22. h5 Qxd3 23. hxg6 hxg6 24. Be3 Rd8 25. b3 b6 26. g4 Be4 27. Qf2 Qc2
28. Qg3 Rd1 29. Bf2 Rxf1+ 30. Kxf1 Qd3+ 31. Kg1 Qxg3 32. Bxg3 Rd7 33. Kf2 g5
34. Bh2 Bb1 35. Ke3 Bxa2 36. Ke4 Bxb3 37. Kf5 Kf7 38. Bg1 Bc2# 0-1

[Event "Høstturneringen 2015"]
[Site "Ås, Akershus NOR"]
[Date "2015.10.08"]
[Round "5"]
[White "Aalmo, Alexander"]
[Black "Olsen, Trygve"]
[Result "0-1"]
[WhiteElo "1197"]
[BlackElo "1296"]
[Annotator "Lea,Per"]
[PlyCount "82"]
[EventDate "2015.09.03"]

1. d4 d5 2. Nf3 g6 3. Bg5 Bg7 4. e3 Nf6 5. c4 c6 6. Nc3 O-O 7. Qc2 h6 (7... Bf5
{ser mer naturlig ut, men etter} 8. Qb3 b6 9. Bxf6 dxc4 10. Bxe7 cxb3 11. Bxd8
Rxd8 12. axb3 {er det hvit som har en ørliten fordel. Teksttrekket finnes ikke
i Chessbase.}) 8. Bh4 Kh7 9. cxd5 cxd5 10. a3 a6 11. Bd3 b5 12. Rc1 Nbd7 {Ved
hjelp av enkle utviklingstrekk har hvit skaffet seg en grei og harmonisk
stilling med en plagsom diagonal rettet mot svarts konge, og en åpen c-linje}
13. O-O Bb7 14. h3 Rc8 15. b4 ({Her var det nok bedre å rømme c-linja med en
gang:} 15. Qb3) 15... Qe8 (15... Ne4 16. Qb3 Nb6 17. Rfd1 Nc4 {gir svart et
sterkt springerpar}) 16. Bg3 Nh5 17. Bh2 f5 18. Qb3 Nb6 19. Ne2 Nc4 20. Bxc4 {
Det er ingen grunn til å gi svart en fribonde i c-linja} dxc4 21. Qc2 Nf6 {
Kaster bort svarts lile fordel} (21... Be4 22. Qc3 Bxf3 23. gxf3 f4 24. Nxf4
Nxf4 25. Bxf4 Qc6 26. Kg2 {og svart har kompensasjon for bonden}) 22. Nf4 Bxf3
23. gxf3 Qc6 24. Qd1 e6 25. Nd3 Nd5 26. Be5 Nf6 27. Kh2 Nd7 28. Bxg7 Kxg7 29.
Rg1 Kh7 30. Nf4 g5 31. d5 exd5 32. Nxd5 Rf7 33. f4 Qd6 34. Rg3 Rg8 35. Qf3 Nf6
36. fxg5 Rxg5 37. Rd1 Ne4 38. Nc3 Qe7 39. Rxg5 Nxg5 40. Qf4 Qf6 41. Qd4 $4 {Au,
au. Hvit slet litt, men kunne godt ha kjempet videre.} (41. Ne2 Qb2 42. Nd4 c3
(42... Qxa3 $2 43. h4 {og springeren har ingen steder å gå (men svart kan få 3
sammenhengende fribønder pa dronningfløyen)})) 41... Nf3+ 0-1

[Event "Høstturneringen 2015"]
[Site "Ås, Akershus NOR"]
[Date "2015.10.08"]
[Round "5"]
[White "Samset, Jon"]
[Black "Kjelstrup, Joachim"]
[Result "1-0"]
[WhiteElo "1113"]
[BlackElo "1062"]
[Annotator "Lea,Per"]
[PlyCount "95"]
[EventDate "2015.09.03"]

1. c4 b6 2. Nf3 Bb7 3. d4 e6 4. Nc3 Bb4 5. a3 Bxc3+ 6. bxc3 f5 7. Bg5 Ne7 (7...
Nf6 {virker mer naturlig}) 8. Ne5 d6 9. Qa4+ Nd7 10. Nf3 (10. Nd3 {for å komme
seg til f4 og e6 ser ut som en fornuftig plan}) 10... O-O 11. g3 h6 12. Bd2 Ng6
13. Bg2 f4 14. Qc2 Qe8 15. g4 Nh4 $4 {Med forbehold om skrivefeil...} 16. O-O
$4 {Takker nei til gaven} (16. Nxh4 {og løperen pa g2 er gardert}) 16... Nxg2
17. Kxg2 Qe7 18. h3 Rf6 19. Rab1 Nf8 20. Rb5 Ng6 21. Rh5 Raf8 22. Kh2 Bxf3 23.
exf3 Qf7 24. Re1 Ne7 25. d5 exd5 26. cxd5 Nxd5 27. c4 Ne7 28. Qe4 Nf5 29. Rxf5
Rxf5 30. gxf5 Qxf5 31. Qxf5 Rxf5 32. Re4 g5 33. Re7 Rc5 34. Re4 Kf7 35. h4 Re5
36. hxg5 hxg5 37. Kh3 a6 38. Kg4 Kg6 39. Bc3 Rxe4 40. fxe4 b5 41. cxb5 axb5 42.
Ba5 c5 43. Bc7 c4 44. Bxd6 c3 45. Bb4 c2 46. Bd2 Kh6 47. e5 Kg6 48. Bc1 1-0

[Event "Høstturneringen 2015"]
[Site "Ås, Akershus NOR"]
[Date "2015.10.08"]
[Round "5"]
[White "Rønbeck, Bjørn"]
[Black "Heien, Aksel"]
[Result "1-0"]
[WhiteElo "1148"]
[BlackElo "924"]
[Annotator "Lea,Per"]
[PlyCount "33"]
[EventDate "2015.09.03"]

1. d4 d5 2. c4 e5 {Albins motgambit, som kan gi svart interessant angrepsspill.
Min egen erfaring er allikevel at dette ikke er noe man spiller mot gode
motstandere (rating 1800 og over). De klarer seg nemlig uten å kjenne
detaljerte varianter, bare ved å spille sunne trekk. Pussig nok valgte jeg
selv å spille varianten i samme runde, dog uten å få noe ut av åpningen. Albin
kjente kanskje Falkbeer? Hans motgambit er på en måte en speilvendt variant av
Albins ditto: 1.e4 e5 2.f4 d5 med vanlig fortsettelse 3.exd5 e4} 3. dxe5 d4 4.
e3 Bb4+ 5. Bd2 dxe3 $1 {Inviterer til en kjent felle!} 6. Qa4+ ({Enda verre er:
} 6. Bxb4 $4 exf2+ 7. Ke2 fxg1=N+ 8. Ke1 Qh4+ 9. Kd2 {og hvit kan
sannsynligvis bare pakke sammen}) ({Det beste er det ved første øyekast lite
tiltalende} 6. fxe3 Qh4+ 7. g3 Qe4 8. Nf3 Nc6 {og de hvite e-bondene ser ikke
pene ut, men denne stillingen er spillbar for hvit}) 6... Bd7 $2 (6... Nc6 7.
Bxb4 exf2+ 8. Kxf2 Qh4+ 9. Ke2 (9. g3 Qd4+ 10. Ke1 Qe4+ 11. Kf2 Qxh1 {og svart
står best}) 9... Qxc4+ 10. Ke1 Qxb4+ 11. Qxb4 Nxb4 12. Na3 {og svart har en
sunn merbonde og bedre stilling}) 7. Qxb4 exd2+ 8. Qxd2 Qe7 9. Nf3 h6 ({Det
naturlige her er} 9... Nc6 {som kombinerer trusler mot e-bonden med
forberedelse til lang rokade}) 10. Nc3 c6 {Hindrer en springer å komme til d5,
men lager i stedet et kjempefelt for en springer på d6} 11. Ne4 Be6 12. Nd6+
Kf8 13. Rd1 Nd7 14. Bd3 Nxe5 15. Nxe5 Qxd6 16. Qf4 Nf6 17. Ng6+ $1 {En ekkel
avdekker} 1-0

[Event "Høstturneringen 2015"]
[Site "Ås, Akershus NOR"]
[Date "2015.10.14"]
[Round "5"]
[White "Fuglseth, Jan"]
[Black "Ruud, Kjetil"]
[Result "0-1"]
[WhiteElo "1479"]
[BlackElo "1387"]
[PlyCount "114"]
[EventDate "2015.09.03"]

1. Nf3 d5 2. g3 Nc6 3. Bg2 e5 4. d3 f5 5. e3 Nf6 6. Nc3 e4 7. dxe4 fxe4 8. Nd4
Bd6 9. a3 Ne5 10. h3 c6 11. b3 Bd7 12. Bb2 Qc7 13. a4 a6 14. Nde2 g5 15. Nd4
O-O-O 16. Qd2 h5 17. O-O-O Rhf8 18. Rdf1 Bb4 19. Qd1 g4 20. Nde2 Be6 21. Nf4
Bg8 22. hxg4 hxg4 23. Nce2 Qd6 24. Rh6 Ba3 25. Qd4 c5 26. Qc3 Bxb2+ 27. Kxb2
Ned7 28. Rd1 Qe5 29. Ng6 Qg5 30. Ne7+ Kb8 31. Nxg8 Nxg8 32. Rd6 Ngf6 33. Nf4
Qf5 34. Rd2 d4 35. exd4 Rc8 36. dxc5 Nxc5 37. Qb4 Rf7 38. Rd8 Rfc7 39. Rxc8+
Rxc8 40. Qd4 Nfd7 41. Qd6+ Ka8 42. Nd5 Rc6 43. Qf4 Qg6 44. Nc3 Qg7 45. Bxe4
Nxe4 46. Rxd7 Qxc3+ 47. Ka3 Qa1+ 48. Kb4 Rb6+ 49. Kc4 Qc3+ 50. Kd5 Qc6+ 51. Ke5
Qe6+ 52. Kd4 Qxd7+ 53. Kxe4 Rb4+ 54. c4 Qe6+ 55. Kd4 Rxb3 56. Qf8+ Ka7 57. Qc5+
Qb6 0-1

[Event "Høstturneringen 2015"]
[Site "Ås, Akershus NOR"]
[Date "2015.10.25"]
[Round "5"]
[White "Petersen, Rune J"]
[Black "Simonsen, Steinar"]
[Result "0-1"]
[WhiteElo "857"]
[BlackElo "1227"]
[PlyCount "90"]
[EventDate "2015.09.03"]

1. d4 d5 2. Nf3 Nc6 3. e3 Nf6 4. Nc3 Bf5 5. a3 e6 6. Bd3 Ne4 7. Bd2 Be7 8. Bb5
O-O 9. Bxc6 bxc6 10. Nxe4 Bxe4 11. O-O c5 12. dxc5 Bxc5 13. Bb4 Bxb4 14. axb4
Qe7 15. c3 c5 16. bxc5 Qxc5 17. Ng5 Bg6 18. Qe2 h6 19. Nh3 e5 20. Ra3 Bf5 21.
b4 Qc8 22. Qh5 Bg4 23. Qh4 Bxh3 24. gxh3 Qe6 25. Rfa1 Qd7 26. Qg3 Rfe8 27. h4
Re6 28. Ra6 Rxa6 29. Rxa6 h5 30. Ra5 Re8 31. f3 Re6 32. Qf2 Rg6+ 33. Kh1 Qf5
34. e4 Qf4 35. Ra1 dxe4 36. Rg1 e3 37. Qe2 e4 38. Rxg6 fxg6 39. Qc4+ Kh7 40.
Kg1 Qxf3 41. Qf1 e2 42. Qf2 Qd3 43. Qe1 e3 44. Kg2 Qd1 45. Qxd1 exd1=Q 0-1

[Event "Høstturneringen 2015"]
[Site "Ås, Akershus NOR"]
[Date "2015.10.15"]
[Round "6"]
[White "Lea, Per"]
[Black "Andersen, Odd"]
[Result "1-0"]
[WhiteElo "1564"]
[BlackElo "1633"]
[Annotator "Lea, Per"]
[PlyCount "101"]
[EventDate "2015.09.03"]

1. e4 e5 2. Nf3 Nc6 3. Bb5 a6 4. Ba4 Nf6 5. O-O b5 6. Bb3 Be7 7. Re1 d6 8. c3
Na5 9. Bc2 c5 10. h3 Nc4 11. d4 Qc7 12. a4 Bb7 13. Nbd2 Nb6 14. axb5 axb5 15.
Rxa8+ Bxa8 16. d5 c4 17. Nf1 O-O 18. Ng3 g6 19. Bh6 Re8 20. Qd2 Bf8 21. Nh4 Kh8
22. Bxf8 Rxf8 23. f4 Qe7 24. f5 Rg8 25. Qh6 Qf8 26. Qg5 Qe7 27. Rf1 Nbd7 28.
fxg6 fxg6 29. Nf3 Bb7 30. Ra1 Ra8 31. Rxa8+ Bxa8 32. Qe3 Nc5 33. Nd2 Qa7 34. b4
Qa1+ 35. Kh2 Ncd7 36. Nf3 Bb7 37. Ng5 Qb2 38. Bd1 Qa1 {Med remistilbud} 39. Be2
(39. Bg4 $1 Nxg4+ 40. hxg4 Qa8 41. Nf7+ Kg8 42. Nxd6 $18) 39... Qa8 40. Nf7+
Kg7 41. Nxd6 Qa6 42. Qg5 Kh8 (42... Qxd6 $4 43. Nf5+ {1-0}) 43. Ngf5 (43. Nf7+
Kg8 44. Nxe5 Qd6 45. Nxd7 Nxe4 46. Qe5 Qxe5 47. Nxe5 Nxc3 48. d6 $18) 43... Qa8
44. Nf7+ Kg8 45. N5h6+ Kg7 46. Nxe5 Nxe5 47. Qxe5 Kxh6 $4 {Kongen blir fanget
i et mattnett} 48. Qxf6 Qb8+ 49. g3 (49. e5 $1 {er raskere og enklere}) 49...
Qa8 50. g4 Qb8+ 51. e5 1-0

[Event "Høstturneringen 2015"]
[Site "Ås, Akershus NOR"]
[Date "2015.10.15"]
[Round "6"]
[White "Ruud, Kjetil"]
[Black "Furnes, Torstein"]
[Result "0-1"]
[WhiteElo "1387"]
[BlackElo "1629"]
[Annotator "Furnes, Torstein"]
[PlyCount "70"]
[EventDate "2015.09.03"]

1. e4 c5 2. Nf3 Nc6 3. d4 cxd4 4. Nxd4 e5 5. Nf3 Nf6 6. Nc3 Bb4 7. Qd3 O-O ({
Computerne vil spille} 7... d5 8. exd5 Nxd5 9. Bd2 Be6) 8. Bd2 d6 ({Fritz
foreslår følgende friske fortsettelse:} 8... d5 9. exd5 e4 10. Nxe4 Nxe4 11.
dxc6 Nxd2 12. Nxd2 Re8+ 13. Be2 Bg4 14. f3 Qh4+ 15. g3 Qh6 16. fxg4 Rad8 17.
O-O-O Rxd3 18. Bxd3 Qxc6) 9. Nd5 Bxd2+ 10. Nxd2 Nxd5 11. exd5 Nb4 $6 (11... Nd4
{med trusselen Lf5 er bedre.}) 12. Qc4 Qa5 13. Bd3 ({Hvit kunne spilt} 13. a3 {
og nå ville det være en stor feil av svart å slå bonden:} Nxd5 $4 14. b4 Qc7
15. Qxd5) 13... Nxd5 14. Qe4 Nf6 15. Qh4 d5 16. c3 Qb6 17. Nb3 ({Førstevalget
til Fritz er} 17. O-O-O) 17... a5 18. Rb1 a4 19. Nd2 e4 20. Be2 Bf5 ({Fritz
liker bedre} 20... Re8 {med planen å spille fram e-bonden.}) 21. Qg5 Bg6 22.
O-O ({Fritz foreslår} 22. Qe3 d4 $5 23. Qxd4 Qc6) 22... e3 23. fxe3 ({Fritz
mener det er bedre å spille} 23. Qxe3 Qxe3 24. fxe3 Bxb1 25. Rxb1 Rfe8 26. Kf2)
23... Bxb1 24. Rxb1 Rae8 25. Kf2 Re6 26. Qf4 Rfe8 ({Bedre er} 26... Ne4+ 27.
Nxe4 Rxe4 28. Qg3 Rfe8) 27. Nf3 ({Hvit kunne prøvd} 27. Qd4 Qxd4 28. cxd4 Rxe3
29. Bb5 Ng4+ 30. Kf1) 27... Rxe3 28. Nd4 Rxe2+ 29. Kf1 Rxb2 30. Rc1 Rb1 31. Nf5
Qb5+ 32. c4 ({Etter} 32. Kg1 {kunne avslutningen blitt} Re1+ 33. Rxe1 Rxe1+ 34.
Kf2 Qf1+ 35. Kg3 Nh5+ 36. Kg4 Qxf4+) 32... Rxc1+ 33. Qxc1 Qxc4+ 34. Qxc4 dxc4
35. Nd6 c3 0-1

[Event "Høstturneringen 2015"]
[Site "Ås, Akershus NOR"]
[Date "2015.10.15"]
[Round "6"]
[White "Brenden, Torbjørn"]
[Black "Fuglseth, Jan"]
[Result "0-1"]
[WhiteElo "1414"]
[BlackElo "1479"]
[Annotator "Fuglseth, Jan"]
[PlyCount "84"]
[EventDate "2015.09.03"]

1. e4 e6 2. d4 d5 3. Nd2 c5 4. exd5 Qxd5 {Sort syntes det var litt vel
offensivt å slå med dronningen, men teoriboken sier at det er det beste
trekket.} 5. Ngf3 Nc6 6. Bc4 Qh5 7. Nb3 Nf6 8. O-O cxd4 9. Nbxd4 Nxd4 10. Qxd4
Bc5 11. Bb5+ Bd7 12. Bxd7+ Nxd7 13. Qxg7 $16 {Hvit har spilt klart best åpning.
Sort liker den åpne g-linjen og håper at denne kan kompensere for bonden.}
O-O-O 14. Qg5 {Det blir avbytte og sort vurderer at åpen g-linje er bedre enn
åpen h-linje. Computeren mener det motsatte.} Qxg5 15. Nxg5 {Bedre enn Lxg5}
Rdf8 16. Ne4 Be7 17. Bh6 Rfg8 18. Rad1 Rg6 19. Be3 f5 20. Nc3 Rhg8 21. g3 a6 {
b6 var et likeverdig alternativ, men vurderingen var at hvit vil slite mer med
å aktivere springeren med teksttrekket.} 22. Kh1 h5 23. f4 $6 {Hvit mister mye
av fordelen, men står fortsatt best. Aktivering av springeren med Se2 var
bedre.} Nf6 24. Rd3 h4 25. Bf2 hxg3 26. Rxg3 Ng4 27. Rf3 $4 {Der røyk
pokkalen! Ld4 hadde holdt stand.} Nxf2+ 28. R3xf2 Bc5 29. Nd1 Bxf2 30. Nxf2 Rh6
31. Rg1 {Sort holder på tårnparet inntil det kan plukkes en bonde eller to.}
Rgh8 32. Rg2 Kd7 33. Rg7+ Kc6 34. h3 Rh4 35. Nd3 Rxh3+ 36. Kg1 R8h7 37. Ne5+
Kd5 38. Rg2 Rh1+ 39. Kf2 R1h2 40. c4+ Ke4 41. Rxh2 Rxh2+ 42. Kg3 Rxb2 {0-1} 0-1

[Event "Høstturneringen 2015"]
[Site "Ås, Akershus NOR"]
[Date "2015.10.15"]
[Round "6"]
[White "Moberg, Jan Rune"]
[Black "Bakken, Svein-Erik"]
[Result "1-0"]
[WhiteElo "1512"]
[BlackElo "1346"]
[PlyCount "73"]
[EventDate "2015.09.03"]

1. d4 d5 2. Nf3 c5 3. dxc5 Nc6 4. g3 e6 5. Bg2 Bxc5 6. O-O Nf6 7. a3 O-O 8. b4
Be7 9. c4 dxc4 10. Qc2 Nd5 11. e4 Nb6 12. Bb2 Bf6 13. Nc3 Qc7 14. Rfe1 Nd4 15.
Nxd4 Bxd4 16. Nb5 Bxf2+ 17. Qxf2 Qc6 18. Nd4 Qc7 19. a4 c3 20. Nb5 Qc4 21. Bxc3
Bd7 22. Bf1 Qc8 23. Qd4 f6 24. a5 e5 25. Qc5 Bxb5 26. Bxb5 Qxc5+ 27. bxc5 Nc8
28. Red1 Ne7 29. Rd7 Nc6 30. Rxb7 Nd4 31. Bc4+ Kh8 32. Bxd4 exd4 33. Bd5 Rfd8
34. c6 f5 35. c7 fxe4 36. cxd8=Q+ Rxd8 37. Bxe4 1-0

[Event "Høstturneringen 2015"]
[Site "Ås, Akershus NOR"]
[Date "2015.10.15"]
[Round "6"]
[White "Olsen, Trygve"]
[Black "Alnes, Tord"]
[Result "0-1"]
[WhiteElo "1296"]
[BlackElo "1059"]
[PlyCount "68"]
[EventDate "2015.09.03"]

1. f4 d6 2. Nf3 Nf6 3. d4 g6 4. e3 Bg7 5. Bd3 Nbd7 6. O-O O-O 7. c3 b6 8. f5
Re8 9. Qb3 Bb7 10. fxg6 hxg6 11. Nbd2 d5 12. Nh4 e5 13. e4 Nxe4 14. Nxg6 Nxd2
15. Bxd2 e4 16. Be2 fxg6 17. Be3 Nf6 18. Rf4 Bh6 19. Raf1 Qd6 20. Rxf6 Bxe3+
21. Kh1 Qe7 22. Rxg6+ Kh7 23. Rg3 Bh6 24. Qc2 Bc8 25. Bf3 Kh8 26. Bh5 Be6 27.
Bxe8 Rxe8 28. Qe2 Rg8 29. Rxg8+ Bxg8 30. Qh5 Qg5 31. Qe8 Bg7 32. Qc8 e3 33.
Qh3+ Bh6 34. Rf5 e2 0-1

[Event "Høstturneringen 2015"]
[Site "Ås, Akershus NOR"]
[Date "2015.10.15"]
[Round "6"]
[White "Naasen, Nils"]
[Black "Moholt, Knut Erik"]
[Result "1/2-1/2"]
[WhiteElo "1314"]
[BlackElo "1413"]
[PlyCount "107"]
[EventDate "2015.09.03"]

1. e4 c5 2. Nc3 Nc6 3. f4 e6 4. Nf3 d5 5. exd5 exd5 6. Bb5 Nf6 7. d4 a6 8. Qe2+
Qe7 9. Bxc6+ bxc6 10. dxc5 Qxe2+ 11. Nxe2 Bxc5 12. c3 a5 13. Ned4 O-O 14. O-O
Ba6 15. Re1 Rfe8 16. Bd2 Ne4 17. Be3 Bxd4 18. Nxd4 Reb8 19. Nxc6 Rxb2 20. Ne7+
Kh8 21. Nxd5 Bb7 22. Bc1 Rc2 23. Ne3 Nxc3 24. Nxc2 Bd5 25. a3 Rc8 26. Bb2 Na4
27. Bd4 h6 28. Rac1 Rc4 29. Ba1 Rxf4 30. Ne3 Be6 31. g3 Re4 32. Bc3 Nxc3 33.
Rxc3 a4 34. Kf2 Rd4 35. Rd1 Re4 36. Rd2 Re5 37. Rd4 Bb3 38. Rc8+ Kh7 39. g4 Rb5
40. Rdd8 Be6 41. Rh8+ Kg6 42. Rc6 Rb2+ 43. Kg3 Rb3 44. h4 Rxe3+ 45. Kf4 Rxa3
46. Ra6 Kf6 47. g5+ hxg5+ 48. hxg5+ Ke7 49. Ra7+ Kd6 50. Rd8+ Kc6 51. Rd4 Kb5
52. Rb7+ Ka6 53. Rdb4 Rb3 54. R7b6+ 1/2-1/2

[Event "Høstturneringen 2015"]
[Site "Ås, Akershus NOR"]
[Date "2015.10.15"]
[Round "6"]
[White "Simonsen, Steinar"]
[Black "Thowsen, Alf Geir"]
[Result "1-0"]
[WhiteElo "1227"]
[BlackElo "1205"]
[PlyCount "69"]
[EventDate "2015.09.03"]

1. c4 e5 2. Nc3 Nf6 3. Nf3 d6 4. g3 g6 5. Bg2 Bg7 6. O-O O-O 7. e3 Nc6 8. d4
exd4 9. exd4 Re8 10. Be3 Bg4 11. h3 Bd7 12. a3 a5 13. Rb1 a4 14. Qd2 Ne7 15.
Bh6 Nf5 16. Bg5 h6 17. Bxf6 Qxf6 18. Rbd1 c6 19. Qc2 b5 20. cxb5 cxb5 21. Nd5
Qd8 22. g4 Rc8 23. Qd2 Ne7 24. Nb4 Qb6 25. Rfe1 Nc6 26. Rxe8+ Rxe8 27. Nd5 Qd8
28. Qf4 Be6 29. Ne3 Bb3 30. Rd3 g5 31. Qf5 Be6 32. Qxb5 Qa8 33. d5 Na7 34. Qxa4
Bc8 35. Qxe8+ 1-0

[Event "Høstturneringen 2015"]
[Site "Ås, Akershus NOR"]
[Date "2015.10.15"]
[Round "6"]
[White "Kjelstrup, Joachim"]
[Black "Petersen, Rune J"]
[Result "1/2-1/2"]
[WhiteElo "1062"]
[BlackElo "857"]
[PlyCount "78"]
[EventDate "2015.09.03"]

1. e4 d6 2. d4 e6 3. Nf3 Nc6 4. Bc4 Nf6 5. Nc3 d5 6. exd5 exd5 7. Bb3 Bb4 8.
Bg5 Bxc3+ 9. bxc3 Qe7+ 10. Qe2 Qxe2+ 11. Kxe2 Be6 12. Rhe1 Ne4 13. Bd2 Nxd2 14.
Kxd2 O-O 15. Ng5 Rfe8 16. Nxe6 fxe6 17. c4 Nxd4 18. cxd5 Nxb3+ 19. axb3 exd5
20. Rxe8+ Rxe8 21. Rxa7 Rb8 22. g4 g5 23. Kd3 c5 24. Ra4 d4 25. c3 dxc3 26.
Kxc3 Rf8 27. Ra2 b5 28. Re2 Rf3+ 29. Kc2 Kf7 30. Re5 Rxf2+ 31. Kd3 c4+ 32. bxc4
bxc4+ 33. Kxc4 Rf4+ 34. Kd5 Rxg4 35. Rf5+ Kg6 36. Rf2 h5 37. Ke5 Rf4 38. Rxf4
gxf4 39. Kxf4 Kh6 1/2-1/2